Представление документа в формате MARC21

Поле Инд. ПП Название Значение
Тип записи a
Библиографический уровень b
001 Контрольный номер RU/IS/BASE/284558799
005 Дата корректировки 20200526074549.9
008 Кодируемые данные 20090106
040 b Код языка каталог. rus
e Правила каталог. PSBO
041 0_ a Код языка текста rus
084 a Индекс другой классификации/Индекс ББК 83.3(0)3
100 1_ a Автор Касьянова М. И.
245 10 a Заглавие Буколические элементы в I - II песнях поэмы Нонна Панополитанского "Деяния Диониса"
504 a Библиография Библиогр. - Примеч.: с. 102 - 103
600 14 a Персоналии Нонн Панополитанский
650 14 a Основная рубрика история литературы
a Основная рубрика литературоведение
a Основная рубрика филологические науки
653 0_ a Ключевые слова "Деяния Диониса" (поэма)
a Ключевые слова V век до н.э.
a Ключевые слова античная литература
a Ключевые слова буколический жанр
a Ключевые слова Греция
a Ключевые слова поэзия
a Ключевые слова поэмы
a Ключевые слова эпос
773 08 t Заглавие источника Вестник Московского университета. Серия 9, Филология
d Дата издания источника 2008
g Прочая информация № 3. - С. 94 - 103
w Контрольный № источника RU/IS/BASE/282745557
901 t Тип документа b